| 000 | 00676nam a22002057a 4500 | ||
|---|---|---|---|
| 999 |
_c7189 _d7189 |
||
| 003 | OSt | ||
| 005 | 20260515062530.0 | ||
| 008 | 181203s2017 fr ||||| |||| 00| 0 fre d | ||
| 020 | _a9782362200489 | ||
| 040 |
_aCDMR _bcat _cCDMR |
||
| 245 | 1 | 0 |
_aRaymond depardon and the olympic games _b: 100 photos for press freedom |
| 260 |
_aParis : _bReporters sans Frontieres, _c2017 |
||
| 300 |
_a143 p. : _bfotografies ; _c29 cm |
||
| 490 |
_aReporters without borders ; _v56 |
||
| 650 | 0 | 4 |
_91582 _aLlibertat d'impremta _xFotografia |
| 650 | 0 | 4 |
_93383 _aPeriodisme esportiu _xFotografia |
| 700 | 1 |
_94620 _aDepardon, Raymond |
|
| 710 | 2 |
_aReporters Sans Frontières _91923 |
|
| 942 |
_2udc _cMON |
||